Indikátory kvality ďalšieho vzdelávania

Bibliographic Details
Main Authors: Verešová, Marcela, 1971- (Author), Malá, Dana, 1978- (Author), Čerešník, Michal, 1980- (Author), Gatial, Viktor, 1971- (Author)
Format: Book
Language:Slovak
PhysicalDescription:69 s., [5] s. tab. príl. tab. 25 cm
Published: Nitra Univerzita Konštantína Filzofa 2014
ISBN:9788055806914
Edition:1. vyd.
Subjects:

MARC

LEADER 00000nam a2200000 a 4500
001 vtls010676831
003 SK-MaSNL
005 20260301135946.0
008 240318s2014 xo a e n 000 0 slo
015 |a SNBA2015/05 
020 |a 9788055806914  |q (brož.) 
035 |a 28D84C52-1267-400B-8EE1-F23B3D8191C8 
035 |a urn:nbn:sk:snk-amkvkm 
035 |a urn:nbn:sk:snk-am003w07 
040 |a SNK  |b slo  |c SNK  |e AACR2 
041 0 |a slo 
044 |a xo  |c SK 
072 7 |a 37  |x Výchova a vzdelávanie  |2 konspekt 
080 |a 37.0-022.324  |2 2001 
080 |a 37:005.6  |2 2001 
080 |a (075.8)  |2 2001 
100 1 |a Verešová, Marcela,  |d 1971-  |4 aut  |9 212735 
245 1 0 |a Indikátory kvality ďalšieho vzdelávania  |c Marcela Verešová a kolektív 
250 |a 1. vyd. 
260 |a Nitra  |b Univerzita Konštantína Filzofa  |c 2014 
300 |a 69 s., [5] s. tab. príl.  |b tab.  |c 25 cm 
366 |e 100 výt. 
504 |a Bibliogr.: s. 66-69 
650 0 7 |a celoživotné vzdelávanie  |2 SNKPH  |9 28858 
650 0 7 |a Permanent education  |2 SNKPHeng  |9 270154 
650 0 7 |a kvalita vzdelávania  |2 SNKPH  |9 71558 
650 0 7 |a Quality of education  |2 SNKPHeng  |9 274867 
655 7 |a učebnice vysokých škôl  |2 SNKPH  |9 70191 
655 7 |a Textbooks (higher)  |2 SNKPHeng  |9 276436 
700 1 |a Malá, Dana,  |d 1978-  |4 aut  |9 264867 
700 1 |a Čerešník, Michal,  |d 1980-  |4 aut  |9 224179 
700 1 |a Gatial, Viktor,  |d 1971-  |4 aut  |9 197294 
919 |a 978-80-558-0691-4 
958 |a NB 
999 |c 761990  |d 763920 
952 |a SNK  |b SNK  |y PREZ  |7 0  |p 17A1157544  |o snkSC 164501  |i snk2015/14425  |8 0  |0 0  |1 0  |4 0  |d 2015-05-04  |f 1  |l 0  |r 2025-08-28 00:00:00  |w 2026-02-24 
952 |a SNK  |b SNK  |y VYP  |7 0  |p 17A1157545  |o snkSC 164501 D1  |i snk2015/14426  |8 0  |0 0  |1 0  |4 0  |d 2015-05-04  |l 0  |r 2026-02-24 00:07:50  |w 2026-02-24